Götter, Pharaonen : [Ausstellung, Essen, Villa Hügel, vom 2. Juni bis 17. September 1978 ... /
Corporate Author:
Other Authors: ,
Format: Book
Language: German
Published:
[Recklinghausen :
Auslieferung, A. Bongers,
1978].
Subjects:
Tags: Add Tag
Call Number: DT59 .E84 G63 1978
| LEADER | 00892namaa2200265 4500 | ||
|---|---|---|---|
| 001 | 10691 | ||
| 003 | OSt | ||
| 005 | 20260517080949.0 | ||
| 008 | 130303s1978 gw a c 000 0 ger d | ||
| 010 | |a 78392434 | ||
| 015 | |a GFR*** | ||
| 040 | |c ARCE Library | ||
| 043 | |a f-ua--- | ||
| 050 | 4 | |a DT59 .E84 G63 1978 | |
| 245 | 0 | 0 | |a Götter, Pharaonen : |b [Ausstellung, Essen, Villa Hügel, vom 2. Juni bis 17. September 1978 ... / |c wissenschaftliche Bearbeitung und Katalog, Dietrich Wildung, Günter Grimm]. |
| 264 | 1 | |a [Recklinghausen : |b Auslieferung, A. Bongers, |c 1978]. | |
| 300 | |a 36, [292] pages : |b chiefly illustrations (some color) ; |c 24 cm. | ||
| 650 | 0 | |a Art, Egyptian |x Exhibitions. | |
| 651 | 0 | |a Egypt |x Antiquities |x Exhibitions. | |
| 700 | 1 | |a Wildung, Dietrich. | |
| 700 | 1 | |a Grimm, Günter. | |
| 710 | 2 | |a Villa Hügel e.V. | |
| 901 | |a reviewed | ||
| 942 | |c BK |2 lcc | ||
| 999 | |c 14885 |d 14885 | ||
